| 000 | 00846nam a2200265Ia 4500 | ||
|---|---|---|---|
| 003 | OSt | ||
| 005 | 20221005025710.0 | ||
| 006 | a|||||r|||| 00| 0 | ||
| 007 | ta | ||
| 008 | 221004b |||||||| |||| 00| 0 eng d | ||
| 020 |
_a9781440852176 (pbk) _cUSD 50.00 |
||
| 024 | _a38731 | ||
| 037 |
_b1694, 06/03/2018, Pegasus Marketing India _cTextual |
||
| 040 |
_aCRL _cCRL _beng |
||
| 041 |
_2eng _aeng |
||
| 082 | _a23, Q8 | ||
| 100 |
_aMallon Melissa N. Au. _9582044 |
||
| 245 | 0 | _aPivotal role of academic librarians in digital learning | |
| 260 |
_aCalifornia _bLibraries Unlimited USA _c2018 |
||
| 300 |
_axviii,150p. _ccm. |
||
| 650 | _a LIBRARY SCIENCE | ||
| 650 |
_aACADEMIC LIBRARIES _936115 |
||
| 942 |
_h23, Q8 _cTEXL _2cc |
||
| 999 |
_c935137 _d935137 |
||